000 00298nam a22001337a 4500
008 170712b xxu||||| |||| 00| 0 eng d
020 _a088908050044
041 _aeng
080 _a038
100 _a23
101 _aFJA
245 _aCROSSWORD PUZZLE DICTIONARY
_cPUZZLE.P
942 _2udc
_cBK
999 _c20392
_d20392